[Event "Nicolo La Rosa op 14th"]
[Site "Mazara del Vallo"]
[Date "2006.08.11"]
[Round "1"]
[White "Cartolina, Carmelo"]
[Black "Serio, Danilo"]
[Result "0-1"]
[WhiteElo "1563"]
[BlackElo "1940"]
[PlyCount "58"]
[EventDate "2006.08.11"]
[EventType "swiss"]
[EventRounds "6"]
[EventCountry "ITA"]
[SourceTitle "EXT 2011"]
[Source "ChessBase"]
[SourceDate "2010.11.26"]
[SourceVersion "1"]
[SourceVersionDate "2010.11.26"]
[SourceQuality "1"]

1. e4 d5 2. exd5 Nf6 3. c4 c6 4. dxc6 Nxc6 5. Nf3 e5 6. Nc3 Bf5 7. Be2 Nb4 8. 0-0 Bc2 9. Qe1 e4 10. Ng5 h6 11. Nh3 Bc5 12. a3 Nd3 13. Bxd3 Bxd3 14. Nf4 Bxf1 15. Nxe4 0-0 16. Kxf1 Nxe4 17. Qxe4 Re8 18. Qxb7 Qd4 19. Qf3 Qe5 20. Nd3 Qxh2 21. g3 Rad8 22. Nxc5 Qh3+ 23. Qg2 Re1+ 24. Kxe1 Qxg2 25. d3 Re8+ 26. Ne4 f5 27. Kd1 fxe4 28. dxe4 Qxe4 29. Bd2 Qh1+ 0-1